<?xml version="1.0" encoding="UTF-8"?>
<collection xmlns="http://www.loc.gov/MARC21/slim">
 <record>
  <leader>01625nam a2200313 i 4500</leader>
  <controlfield tag="001">28028</controlfield>
  <controlfield tag="003">BD-DhAAL</controlfield>
  <controlfield tag="005">20140612155652.0</controlfield>
  <controlfield tag="008">140612s2013    mauab    b    001 0 eng  </controlfield>
  <datafield tag="010" ind1=" " ind2=" ">
   <subfield code="a">  2013010984</subfield>
  </datafield>
  <datafield tag="020" ind1=" " ind2=" ">
   <subfield code="a">9780674724839 (hardcover : alk. paper)</subfield>
  </datafield>
  <datafield tag="040" ind1=" " ind2=" ">
   <subfield code="a">DLC</subfield>
   <subfield code="b">eng</subfield>
   <subfield code="c">DLC</subfield>
   <subfield code="e">rda</subfield>
   <subfield code="d">BD-DhAAL</subfield>
  </datafield>
  <datafield tag="042" ind1=" " ind2=" ">
   <subfield code="a">pcc</subfield>
  </datafield>
  <datafield tag="043" ind1=" " ind2=" ">
   <subfield code="a">ab-----</subfield>
  </datafield>
  <datafield tag="050" ind1="0" ind2="0">
   <subfield code="a">JV8490</subfield>
   <subfield code="b">.A728 2013</subfield>
  </datafield>
  <datafield tag="082" ind1="0" ind2="0">
   <subfield code="a">304.809182/4</subfield>
   <subfield code="2">23</subfield>
  </datafield>
  <datafield tag="100" ind1="1" ind2=" ">
   <subfield code="a">Amrith, Sunil S.,</subfield>
   <subfield code="d">1979-</subfield>
   <subfield code="9">5050</subfield>
  </datafield>
  <datafield tag="245" ind1="1" ind2="0">
   <subfield code="a">Crossing the Bay of Bengal :</subfield>
   <subfield code="b">the furies of nature and the fortunes of migrants /</subfield>
   <subfield code="c">Sunil S. Amrith.</subfield>
  </datafield>
  <datafield tag="260" ind1=" " ind2=" ">
   <subfield code="a">Cambridge, Massachusetts :</subfield>
   <subfield code="b">Harvard University Press,</subfield>
   <subfield code="c">2013</subfield>
  </datafield>
  <datafield tag="300" ind1=" " ind2=" ">
   <subfield code="a">353 pages :</subfield>
   <subfield code="b">illustrations, maps ;</subfield>
   <subfield code="c">25 cm</subfield>
  </datafield>
  <datafield tag="504" ind1=" " ind2=" ">
   <subfield code="a">Includes bibliographical references (pages 291-338) and index.</subfield>
  </datafield>
  <datafield tag="505" ind1="0" ind2=" ">
   <subfield code="a">Prologue : the Bay of Bengal in history -- The life of the Bay of Bengal -- That vast sea's emporium -- Turbulent journeys, sacred geographies -- Human traffic -- Oceans' crossroads -- Crossings interrupted -- The pursuit of citizenship -- When the waters rise -- Epilogue : crossing the Bay of Bengal.</subfield>
  </datafield>
  <datafield tag="541" ind1=" " ind2=" ">
   <subfield code="e">28028</subfield>
  </datafield>
  <datafield tag="650" ind1=" " ind2="0">
   <subfield code="a">Asians</subfield>
   <subfield code="x">Migrations</subfield>
   <subfield code="z">Bengal, Bay of, Region</subfield>
   <subfield code="x">History</subfield>
   <subfield code="y">19th century.</subfield>
   <subfield code="9">5051</subfield>
  </datafield>
  <datafield tag="650" ind1=" " ind2="0">
   <subfield code="a">Immigrants</subfield>
   <subfield code="z">Bengal, Bay of, Region</subfield>
   <subfield code="x">History</subfield>
   <subfield code="y">19th century.</subfield>
   <subfield code="9">5052</subfield>
  </datafield>
  <datafield tag="651" ind1=" " ind2="0">
   <subfield code="a">Bengal, Bay of, Region.</subfield>
   <subfield code="x">Commerce</subfield>
   <subfield code="x">History</subfield>
   <subfield code="y">19th century.</subfield>
   <subfield code="9">5053</subfield>
  </datafield>
  <datafield tag="942" ind1=" " ind2=" ">
   <subfield code="2">ddc</subfield>
   <subfield code="c">BK</subfield>
  </datafield>
  <datafield tag="999" ind1=" " ind2=" ">
   <subfield code="c">14433</subfield>
   <subfield code="d">14433</subfield>
  </datafield>
  <datafield tag="952" ind1=" " ind2=" ">
   <subfield code="0">0</subfield>
   <subfield code="1">0</subfield>
   <subfield code="2">ddc</subfield>
   <subfield code="4">0</subfield>
   <subfield code="6">304_809182400000000_AMR</subfield>
   <subfield code="7">0</subfield>
   <subfield code="9">24438</subfield>
   <subfield code="a">BRACUL</subfield>
   <subfield code="b">BRACUL</subfield>
   <subfield code="c">GEN</subfield>
   <subfield code="d">2014-06-12</subfield>
   <subfield code="e">Karim International</subfield>
   <subfield code="g">2220.00</subfield>
   <subfield code="l">3</subfield>
   <subfield code="m">5</subfield>
   <subfield code="o">304.8091824 AMR</subfield>
   <subfield code="p">3010028028</subfield>
   <subfield code="q">2026-04-30</subfield>
   <subfield code="r">2026-04-23</subfield>
   <subfield code="s">2026-04-23</subfield>
   <subfield code="t">1</subfield>
   <subfield code="w">2014-06-12</subfield>
   <subfield code="y">BK</subfield>
  </datafield>
 </record>
</collection>
